La Catedral de Burgos / (Registro nro. 15357)
[ vista simple ]
| 000 -LEADER | |
|---|---|
| fixed length control field | 01519nam a22002417a 4500 |
| 003 - CONTROL NUMBER IDENTIFIER | |
| control field | OSt |
| 005 - DATE AND TIME OF LATEST TRANSACTION | |
| control field | 20210312152009.0 |
| 008 - FIXED-LENGTH DATA ELEMENTS--GENERAL INFORMATION | |
| fixed length control field | 210312s1981 sp ao||gr|||| 00| 0 spa d |
| 020 ## - INTERNATIONAL STANDARD BOOK NUMBER | |
| International Standard Book Number | 8471384361 |
| 040 ## - CATALOGING SOURCE | |
| Original cataloging agency | CO-JMCR |
| Transcribing agency | CO-JMCR |
| 041 0# - LANGUAGE CODE | |
| Language code of text/sound track or separate title | spa |
| 082 04 - DEWEY DECIMAL CLASSIFICATION NUMBER | |
| Classification number | 726.6 / |
| Item number | P438c |
| Edition number | 23 |
| 100 1# - MAIN ENTRY--PERSONAL NAME | |
| Personal name | Pérez López, Julián, |
| Relator term | autor |
| 9 (RLIN) | 36008 |
| 245 13 - TITLE STATEMENT | |
| Title | La Catedral de Burgos / |
| Statement of responsibility, etc. | Julián Pérez López sacristán-guía |
| 250 ## - EDITION STATEMENT | |
| Edition statement | 8.° edición |
| 260 ## - PUBLICATION, DISTRIBUTION, ETC. | |
| Place of publication, distribution, etc. | Molinillo : |
| Name of publisher, distributor, etc. | Burgos, |
| Date of publication, distribution, etc. | 1981 |
| 300 ## - PHYSICAL DESCRIPTION | |
| Extent | 79 páginas : |
| Other physical details | ilustraciones y fotografías a color ; |
| Dimensions | 18 cm. |
| 505 0# - FORMATTED CONTENTS NOTE | |
| Formatted contents note | Burgos -- Las catedrales burgalesas -- La catedral de Burgos -- Fachada principal -- Catedral iluminada -- Las puertas de la catedral -- Puerta del Sarmental -- Interior del templo -- Puerta del Claustro y Capilla de la visitación -- Capilla de la Presentación -- Capilla del Santo Cristo -- Capilla de Santa Tecla -- Capilla de Santa Ana -- Escalera Dorada -- Artistas famosos -- Trasaltar -- Capilla del Condestable -- Claustro -- Capilla del Corpus Christi y Santa Catalina -- Capilla de San Juan Bautista -- Tapicería -- Códices y manuscritos -- Pinturas -- Esculturas -- Orfebrería -- Capilla Mayor -- El Coro -- Crucero -- Estrella de Crucero -- Triforios y Vidrieras -- Estilos de la Catedral -- Cofre del Cid -- El papamoscas -- El brasero |
| 650 14 - SUBJECT ADDED ENTRY--TOPICAL TERM | |
| Topical term or geographic name entry element | Catedral |
| Geographic subdivision | España |
| 9 (RLIN) | 36009 |
| 650 24 - SUBJECT ADDED ENTRY--TOPICAL TERM | |
| Topical term or geographic name entry element | Edificios religiosos |
| Geographic subdivision | Burgos (España) |
| 9 (RLIN) | 36010 |
| 650 24 - SUBJECT ADDED ENTRY--TOPICAL TERM | |
| Topical term or geographic name entry element | Arquitectura religiosa |
| Geographic subdivision | Burgos (España) |
| 9 (RLIN) | 36011 |
| 942 ## - ADDED ENTRY ELEMENTS (KOHA) | |
| Source of classification or shelving scheme | Dewey Decimal Classification |
| Koha item type | Books |
| Withdrawn status | Lost status | Source of classification or shelving scheme | Damaged status | Not for loan | Collection code | Home library | Current library | Date acquired | Source of acquisition | Total Checkouts | Full call number | Barcode | Date last seen | Copy number | Price effective from | Koha item type |
|---|---|---|---|---|---|---|---|---|---|---|---|---|---|---|---|---|
| Dewey Decimal Classification | Non-fiction | Biblioteca Pública José María del Castillo y Rada | Biblioteca Pública José María del Castillo y Rada | 10/02/2020 | Donación | 726.6 / P438c | 201810809 | 05/16/2024 | Ej.1 | 03/12/2021 | Books |